01120nam a22002057a 4500003000900000008004100009040007100050082001800121110001900139245008300158260008000241300002700321440004300348505040100391650002500792650002300817650002200840650002600862710002600888AR-CdUCM190327b ||||| |||| 00| 0 spa d aMUNICIPALIDAD PROVINCIAL DEL CUSCOcBIBLIOTECA MUNICIPAL DEL CUSCO a354.3 /bAR69 aPro Naturaleza aAreas naturales protegidas para la conservación y el desarrollo sostenible / aLima :bFundación Peruana para la Conservación de la Naturaleza,c1997. a47 páginas ;c21 cm. aSerie Documentos de Conservación.n9 aContenido: Las áreas naturales y sus beneficios al ser humano -- Las áreas naturales protegidas -- El papel de las áreas naturales protegida en la conservación y el desarrollo sostenible -- Objetivos y categorías de manejo de las áreas naturales protegidas -- Sistemas Nacionales de áreas naturales protegidas -- Consideraciones fundamentales -- Ley de áreas naturales protegidas. aPolítica ambiental aÁreas protegidas aÁreas naturales aDesarrollo Sostenible aThe Tinker Foundation